Argentinos por categorías #2: Cultura - Estadísticas

Estadísticas generales
  • Esta prueba ha sido intentada 36 veces
  • La puntuación promedio es 11 de 20
Estadísticas de respuestas
Hint Respuesta % Correcto
Charly García Rock
91%
Leo Mattioli Cumbia
88%
Atahualpa Yupanqui Folklore
82%
Valeria Mazza Modelaje
82%
Roberto Goyeneche Tango
71%
Julio Bocca Danza
62%
Hernán Cattáneo Electrónica
59%
Benito Quinquela Martín Pintura
59%
Alejandra Pizarnik Poesía
59%
Cris Miró Teatro de revista
59%
Héctor G. Oesterheld Historieta
56%
Pino Solanas Cine documental
53%
Petrona Carrizo de Gandulfo Cocina
47%
Lalo Schifrin Dirección de orquesta
44%
Mariana Enríquez Literatura de terror
41%
Alejandro Bustillo Arquitectura
38%
Lola Mora Escultura
38%
Sara Facio Fotografía
35%
Niní Marshall Comedia
26%
Quirino Cristiani Animación
18%
No se encontraron pruebas coincidentes
Distribución de puntuación
Porcentaje de gente con cada puntuación
Porcentaje por número respondido
Historial de tus puntuaciones
No has intentado esta prueba.